| 000 | 01322nam a2200313Ia 4500 | ||
|---|---|---|---|
| 001 | ebr10726744 | ||
| 003 | CaPaEBR | ||
| 006 | m o u | ||
| 007 | cr cn||||||||| | ||
| 008 | 130710s2013 nju sb 001 0 eng d | ||
| 020 | _z9781118754283 (ebook) | ||
| 020 | _z9781118754382 | ||
| 040 |
_aCaPaEBR _cCaPaEBR |
||
| 035 | _a(OCoLC)852712671 | ||
| 050 | 1 | 4 |
_aLB2342 _b.D68 2013eb |
| 100 | 1 | _aDougherty, Kevin James. | |
| 245 | 1 | 0 |
_aPerformance funding for higher education _h[electronic resource] : _bwhat are the mechanisms? what are the impacts? / _cKevin J. Dougherty, Vikash Reddy. |
| 260 |
_aHoboken, NJ : _bWiley, _cc2013. |
||
| 300 | _axv, 134 p. | ||
| 490 | 0 |
_aASHE higher education report ; _vvol. 39, no. 2 |
|
| 504 | _aIncludes bibliographical references and index. | ||
| 533 |
_aElectronic reproduction. _bPalo Alto, Calif. : _cebrary, _d2013. _nAvailable via World Wide Web. _nAccess may be limited to ebrary affiliated libraries. |
||
| 650 | 0 |
_aState universities and colleges _zUnited States _xFinance. |
|
| 650 | 0 |
_aEducation, Higher _zUnited States _xFinance. |
|
| 655 | 7 |
_aElectronic books. _2local |
|
| 700 | 1 | _aReddy, Vikash. | |
| 710 | 2 | _aebrary, Inc. | |
| 856 | 4 | 0 |
_uhttp://site.ebrary.com/lib/rucke/Doc?id=10726744 _zAn electronic book accessible through the World Wide Web; click to view |
| 999 |
_c38946 _d38946 |
||